MAKING SURE OF ARITHMETIC (Record no. 569818)
[ view plain ]
| 000 -LEADER | |
|---|---|
| fixed length control field | 00245nam a22001097a 4500 |
| 082 ## - DEWEY DECIMAL CLASSIFICATION NUMBER | |
| Classification number | 513 MOR'M |
| 100 ## - MAIN ENTRY--PERSONAL NAME | |
| Personal name | MORTON, ROBERT LEE |
| 9 (RLIN) | 59963 |
| 245 ## - TITLE STATEMENT | |
| Title | MAKING SURE OF ARITHMETIC |
| 260 ## - PUBLICATION, DISTRIBUTION, ETC. | |
| Place of publication, distribution, etc. | NEWYORK |
| Name of publisher, distributor, etc. | 1952 |
| Date of publication, distribution, etc. | SILVER |
| 300 ## - PHYSICAL DESCRIPTION | |
| Extent | 346P |
| 942 ## - ADDED ENTRY ELEMENTS (KOHA) | |
| Koha item type | Book |
| Withdrawn status | Lost status | Damaged status | Not for loan | Permanent Location | Current Location | Shelving location | Date acquired | Total Checkouts | Full call number | Barcode | Date last seen | Price effective from | Koha item type |
|---|---|---|---|---|---|---|---|---|---|---|---|---|---|
| College of Electrical & Mechanical Engineering (CEME) | College of Electrical & Mechanical Engineering (CEME) | General Stacks | 07/19/2017 | 513 MOR'M | CEME-947 | 06/28/2021 | 06/28/2021 | Book | |||||
| College of Electrical & Mechanical Engineering (CEME) | College of Electrical & Mechanical Engineering (CEME) | General Stacks | 07/19/2017 | 513 MOR'M | CEME-948 | 06/28/2021 | 06/28/2021 | Book | |||||
| College of Electrical & Mechanical Engineering (CEME) | College of Electrical & Mechanical Engineering (CEME) | General Stacks | 07/19/2017 | 1 | 513 MOR'M | CEME-949 | 06/28/2021 | 06/28/2021 | Book |
